Les pays qualifiés pour la Coupe du monde 2026 - Statistiques

Statistiques générales
  • Ce quiz a été pris 58 fois
  • Le résultat moyen est 37 sur 48
Statistiques - réponses
Confédération Phase finale Pays % Correct
CONCACAF 12e Etats-Unis
98%
UEFA 17e France
98%
CONMEBOL 19e Argentine
95%
CONMEBOL 23e Brésil
95%
UEFA 17e Espagne
95%
AFC 8e Japon
95%
CAF 7e Maroc
95%
UEFA 9e Portugal
95%
UEFA 21e Allemagne
93%
CONCACAF 3e Canada
93%
AFC 7e Australie
91%
UEFA 12e Pays-Bas
91%
UEFA 17e Angleterre
88%
CONCACAF 18e Mexique
88%
CAF 4e Sénégal
88%
UEFA 13e Suède
88%
CONMEBOL 15e Uruguay
88%
CAF 5e Algérie
86%
UEFA 15e Belgique
84%
UEFA 4e Norvège
84%
UEFA 13e Suisse
84%
CONMEBOL 7e Colombie
81%
AFC 12e Corée du Sud
81%
CAF 4e Egypte
81%
CAF 7e Tunisie
79%
UEFA 3e Turquie
79%
UEFA 2e Bosnie-Herzégovine
77%
UEFA 8e Autriche
74%
AFC 2e Irak
72%
OFC 3e Nouvelle-Zélande
72%
UEFA 2e Tchéquie
72%
CONMEBOL 5e Equateur
70%
AFC 7e Iran
70%
CONMEBOL 9e Paraguay
70%
CAF 2e RD Congo
70%
CAF 4e Côte d'Ivoire
67%
AFC 7e Arabie Saoudite
63%
CONCACAF 2e Haïti
63%
AFC 2e Qatar
63%
CAF 4e Afrique du Sud
60%
UEFA 7e Croatie
60%
UEFA 9e Ecosse
60%
CONCACAF 2e Panama
60%
CAF 5e Ghana
58%
CAF 1re Cap-Vert
53%
CONCACAF 1re Curaçao
51%
AFC 1re Ouzbékistan
42%
AFC 1re Jordanie
37%
Aucun quiz correspondant
Distribution des résultats
% des personnes avec chaque résultat
Percentile par nombre de réponses
Votre historique - résultats
Vous n’avez pas pris ce quiz